| 000 | 00572nam a2200229Ia 4500 | ||
|---|---|---|---|
| 005 | 20230419172132.0 | ||
| 008 | 230125s9999 xx 000 0 und d | ||
| 020 | _a9788183765107 | ||
| 041 | _aeng | ||
| 082 |
_a659.1 _bSHA |
||
| 100 |
_aSharma A K _9107410 |
||
| 245 | _aMedia And Communications In The New World Order | ||
| 250 | _a1st Ed. | ||
| 260 |
_c2017 _bABD Publication _aJaipur |
||
| 300 | _a288p | ||
| 500 | _aadvertising;IMC | ||
| 650 |
_aadvertising;IMC _9119906 |
||
| 700 |
_aSharma A K _9107410 |
||
| 906 | _b532 | ||
| 942 | _cBK | ||
| 999 |
_c96310 _d96310 |
||